00873nam a2200253 4500001000800000003000400008005001700012007000400029008000500033010001700038020001500055040001400070043001200084050002300096100001900119245010600138260010000244300003300344440004200377504005300419650003700472710004900509710006100558349089100020150504110022.0000000  a 94102576  a9251032165 aUOELcDLC aw------00aSB171.T7b.F6 19921 aWormald, T. J.10aMixed and pure forest plantations in the tropics and subtropics /cbased on the work of T.J. Wormald. a[Stockholm] :bSAREC ;aRome :bFood and Agriculture Organization of the United Nations,c1992. aiv, 152 p. :bill. ;c30 cm. 0aFAO forestry paper,x0258-6150 ;v103 aIncludes bibliographical references (p. 75-118). 0aTree farmszTropicsxManagement.1 aSweden.bBeredningen för u-landsforskning.2 aFood and Agriculture Organization of the United Nations.